Datová základna v ASŘ 1

Salvato in:
Dettagli Bibliografici
Autore principale: Gregor, Jiří
Ente Autore: Vysoká škola ekonomická v Praze. Fakulta řízení
Altri autori: Chvalovský, Václav
Natura: Libro
Lingua:ceco
Pubblicazione: Praha Státní pedagogické nakladatelství 1985
Tags: Aggiungi Tag
Nessun Tag, puoi essere il primo ad aggiungerne!!

MARC

LEADER 00000nam a2200000 4500
001 c105117
005 20190423104216.7
041 0 |a cze 
044 |a CZ 
245 1 0 |a Datová základna v ASŘ 1  |c Jiří Gregor, Václav Chvalovský 
264 1 |a Praha  |b Státní pedagogické nakladatelství  |c 1985 
300 |a 163 s. 
100 1 |a Gregor, Jiří 
700 1 |a Chvalovský, Václav 
710 2 |a Vysoká škola ekonomická v Praze. Fakulta řízení